Statistics for European Countries in Alphabetical Order

Click here to take the quiz!

General Stats

  • This quiz has been taken 7,528 times
    (7,499 since last reset)
  • The average score is 31 of 45

Answer Stats

Answer% Correct
1Albania
98%
2Andorra
95%
5Belgium
89%
3Austria
86%
4Belarus
85%
10Denmark
84%
6Bosnia and Herzegovina
83%
8Croatia
83%
11Estonia
82%
12Finland
82%
7Bulgaria
80%
13France
79%
14Germany
79%
9Czech Republic
77%
16Hungary
77%
17Iceland
76%
18Ireland
76%
21Latvia
75%
15Greece
72%
23Lithuania
72%
19Italy
70%
20Kosovo
69%
24Luxembourg
66%
25Macedonia
64%
26Malta
64%
22Liechtenstein
61%
27Moldova
61%
28Monaco
61%
45Vatican City
61%
29Montenegro
60%
44United Kingdom
60%
31Norway
59%
32Poland
58%
33Portugal
57%
34Romania
57%
38Slovakia
57%
39Slovenia
57%
30Netherlands
56%
37Serbia
55%
35Russia
54%
41Sweden
54%
43Ukraine
54%
36San Marino
53%
40Spain
51%
42Switzerland
51%

Score Distribution

Percentile by Number Answered

Percent of People with Each Score

Your Score History

You have not taken this quiz since the last reset